UEFA Champions League/European Cup Royalty: Managers - Statistics

General Stats
  • This quiz has been taken 12 times
  • The average score is 21 of 33
Answer Stats
Hint Answer % Correct
AC Milan and Real Madrid 2003-2024 Who won 5 titles with AC Milan and Real Madrid from 2003 to 2024? Carlo Ancelotti
80%
Barcelona and Man City 2009 2011 2023 ...And Who did his City team play in 2023? Inter
80%
Barcelona and Man City 2009 2011 2023 Who won 3 titles with Barcelona and Manchester City in 2009, 2011 and 2023? Pep Guardiola
80%
Liverpool 1977 1978 1981 Who won 3 titles with Liverpool in 1977, 1978 and 1981? Bob Paisley
70%
Liverpool 1977 1978 1981 Who did they play in 1977? Borussia Monchengladbach
70%
Real Madrid Threepeat Who scored a bicycle kick and a dodgy dropped shot in Kyiv in 2018 for Madrid? Gareth Bale
70%
Barcelona and Man City 2009 2011 2023 Who scored a leaping header in Rome in 2009 for Barca in the Final? Lionel Messi
70%
AC Milan and Real Madrid 2003-2024 Who did they play in 2007? Liverpool
70%
Real Madrid Threepeat 2018? Liverpool
70%
Barcelona and Man City 2009 2011 2023 Who did Barca play in 2009? Manchester United
70%
Barcelona and Man City 2009 2011 2023 2011? Manchester United
70%
Barcelona and Man City 2009 2011 2023 Who scored for City in the 2023 final? Rodri
70%
Real Madrid Threepeat Who won 3 in a row for Real Madrid in 2016, 2017 and 2018? Zinedine ZIdane
70%
AC Milan and Real Madrid 2003-2024 Which years did he win with AC Milan? * 2003, 2007
60%
AC Milan and Real Madrid 2003-2024 Which years did he win with Real Madrid? * 2014, 2022, 2024
60%
AC Milan and Real Madrid 2003-2024 Who did his Madrid team play in 2014? Atletico Madrid
60%
Real Madrid Threepeat Who did his Real team play in 2016? Atletico Madrid
60%
AC Milan and Real Madrid 2003-2024 ...And 2024? Borussia Dortmund
60%
Liverpool 1977 1978 1981 Who did they play in 1978? Club Brugge
60%
Real Madrid Threepeat Who scored the winning penalty for Real Madrid in the 2016 final? Cristiano Ronaldo
60%
AC Milan and Real Madrid 2003-2024 Who did his Milan team play against in 2003? Juventus
60%
Real Madrid Threepeat 2017? Juventus
60%
Liverpool 1977 1978 1981 Who scored the only goal of the 78' final? Kenny Dalglish
60%
AC Milan and Real Madrid 2003-2024 Who did his Madrid play in 2022? Liverpool
60%
Barcelona and Man City 2009 2011 2023 Which Front three combination all scored for Barca at Wembley in 2011? Messi, Villa, Pedro
60%
Liverpool 1977 1978 1981 ...And 1981? Real Madrid
60%
AC Milan and Real Madrid 2003-2024 Who scored a 93rd minute equaliser to take the 2014 final to extra time? Sergio Ramos
60%
Liverpool 1977 1978 1981 Who put Liverpool 2-1 up in the 65th minute of the '77 final? Tommy Smith
60%
AC Milan and Real Madrid 2003-2024 Who scored Real's only goal in the 2022 final in Paris ? Vinicius Junior
60%
Liverpool 1977 1978 1981 ...And finally who scored the only goal of the '84 final? Alan Kennedy
50%
AC Milan and Real Madrid 2003-2024 Vinicius also scored in the 2024 final at Wembley but who scored the other for Real? Dani Carvajal
50%
AC Milan and Real Madrid 2003-2024 Who scored twice for Milan in that final? Filippo Inzaghi
50%
Real Madrid Threepeat Who came on as a sub to score the 4th goal in the 2017 final? Marco Asensio
50%
No matching quizzes found
Score Distribution
Percent of People with Each Score
Percentile by Number Answered
Your Score History
You have not taken this quiz